Muhkholhna khuampi : (Record no. 10499)

MARC details
000 -LEADER
fixed length control field 00562nam a22001817a 4500
003 - CONTROL NUMBER IDENTIFIER
control field GBCCL
005 - DATE AND TIME OF LATEST TRANSACTION
control field 20241126110733.0
008 - FIXED-LENGTH DATA ELEMENTS--GENERAL INFORMATION
fixed length control field 240911b ||||| |||| 00| 0 eng d
040 ## - CATALOGING SOURCE
Transcribing agency gbc
082 ## - DEWEY DECIMAL CLASSIFICATION NUMBER
Classification number VER 253.092
Item number JAM
100 ## - MAIN ENTRY--PERSONAL NAME
Personal name Thangkhansiam, T
9 (RLIN) 15891
245 ## - TITLE STATEMENT
Title Muhkholhna khuampi :
Remainder of title Rev T Jamkhothang biography /
Statement of responsibility, etc. T Thangkhansiam and Rev Dr Pum Za Thang Tombing
260 ## - PUBLICATION, DISTRIBUTION, ETC.
Place of publication, distribution, etc. Lamka :
Name of publisher, distributor, etc. Jimmy Ginbiakthang Tombing,
Date of publication, distribution, etc. 2024
300 ## - PHYSICAL DESCRIPTION
Extent 220p. ;
600 ## - SUBJECT ADDED ENTRY--PERSONAL NAME
Personal name T Jamkhothang
Dates associated with a name 1919-2004
9 (RLIN) 18272
650 ## - SUBJECT ADDED ENTRY--TOPICAL TERM
Topical term or geographic name entry element Pastors
Form subdivision Biography
9 (RLIN) 7307
942 ## - ADDED ENTRY ELEMENTS (KOHA)
Source of classification or shelving scheme Dewey Decimal Classification
Koha item type Books
Holdings
Withdrawn status Lost status Source of classification or shelving scheme Damaged status Not for loan Home library Current Library Shelving location Date acquired Total checkouts Full call number Barcode Date last seen Copy number Price effective from Koha item type Date last checked out
    Dewey Decimal Classification     GRACE BIBLE COLLEGE GRACE BIBLE COLLEGE Vernacular 2024-09-11   VER 253.092 JAM 020615 2025-05-01 c.1 2024-09-11 Books  
    Dewey Decimal Classification     GRACE BIBLE COLLEGE GRACE BIBLE COLLEGE Vernacular 2024-09-11   VER 253.092 JAM 020616 2025-05-01 c.2 2024-09-11 Books  
    Dewey Decimal Classification     GRACE BIBLE COLLEGE GRACE BIBLE COLLEGE Vernacular 2024-09-11 1 VER 253.092 JAM 020617 2025-05-01 c.3 2024-09-11 Books 2025-01-16
© Grace Bible College Library 2025